Don't type Vowels! - Sudden Death - Statistics

General Stats
  • This quiz has been taken 69 times
  • The average score is 10 of 50
Answer Stats
% Correct
D
38%
H
35%
Q
34%
N
31%
P
29%
K
28%
Z
28%
J
27%
N
27%
W
27%
W
27%
B
26%
B
26%
Q
26%
Q
26%
L
25%
V
24%
C
23%
C
23%
H
23%
J
23%
M
23%
S
23%
Y
23%
F
22%
K
22%
Q
22%
D
21%
G
21%
H
21%
J
21%
P
21%
P
21%
V
21%
K
20%
L
20%
P
20%
V
20%
C
19%
D
19%
F
19%
G
19%
L
19%
M
19%
N
19%
R
19%
S
19%
T
19%
T
19%
V
19%
X
19%
B
18%
N
18%
R
18%
R
18%
Z
18%
F
17%
G
17%
T
17%
Z
17%
B
16%
M
16%
F
15%
J
15%
S
15%
W
15%
X
15%
Y
15%
Y
15%
H
14%
K
14%
L
14%
M
14%
W
14%
C
13%
R
13%
S
13%
X
13%
Z
13%
Y
12%
X
11%
D
10%
G
10%
T
10%
No matching quizzes found
Score Distribution
Percent of People with Each Score
Percentile by Number Answered
Your Score History
You have not taken this quiz